[Event "III Calvia International Open"]
[Site "Calvia"]
[Date "2006.10.24"]
[Round "5.3"]
[White "Damljanovic, Branko"]
[Black "Larino Nieto, David"]
[Result "1-0"]
[WhiteElo "2595"]
[BlackElo "2406"]
[PlyCount "87"]
[EventDate "2006.10.20"]

1. Nf3 e6 2. g3 d5 3. Bg2 c5 4. O-O Nf6 5. c4 Nc6 6. cxd5 exd5 7. d4 Be7 8. Be3
Ng4 9. Bf4 O-O 10. Nc3 Be6 11. dxc5 Bxc5 12. Na4 Be7 13. Rc1 d4 14. h3 Nf6 15.
Ne5 Na5 16. Nc5 Bxc5 17. Rxc5 b6 18. Rc1 Qe7 19. Qxd4 Bxa2 20. Bxa8 Rxa8 21.
Rcd1 Be6 22. g4 Nd5 23. Bg3 Rc8 24. Qe4 Nb4 25. Nf3 Nbc6 26. Bd6 Qf6 27. Ne5
Nxe5 28. Bxe5 Qh4 29. Rd3 h5 30. Bc3 hxg4 31. Qe5 Qh6 32. hxg4 Rc4 33. f3 Nc6
34. Qh2 Qg5 35. Kf2 Qc5+ 36. e3 b5 37. Rh1 f6 38. Qh8+ Kf7 39. Rh5 Ne5 40. Bxe5
fxe5 41. Rg5 Rc2+ 42. Kg3 Qf8 43. Qxf8+ Kxf8 44. Rxe5 1-0

[Event "III Calvia International Open"]
[Site "Calvia"]
[Date "2006.10.24"]
[Round "5.4"]
[White "Romanishin, Oleg M"]
[Black "Gomez, John Paul"]
[Result "1-0"]
[WhiteElo "2542"]
[BlackElo "2387"]
[PlyCount "77"]
[EventDate "2006.10.20"]

1. d4 Nf6 2. Nf3 e6 3. g3 b5 4. Bg2 Bb7 5. O-O c5 6. Bg5 cxd4 7. Bxf6 Qxf6 8.
Nxd4 Bxg2 9. Kxg2 a6 10. c3 Nc6 11. a4 Nxd4 12. cxd4 b4 13. Qd3 Qg6 14. Qf3 d5
15. Nd2 Be7 16. Nc4 Qf6 17. Ne5 Qxf3+ 18. Kxf3 f6 19. Nd3 Rc8 20. e4 Bd6 21.
Rac1 Kd7 22. Ke3 g5 23. e5 fxe5 24. dxe5 Be7 25. f4 g4 26. Kd4 a5 27. f5 exf5
28. Kxd5 Rxc1 29. e6+ Kc7 30. Rxc1+ Kb7 31. Nc5+ Kb6 32. Nd7+ Kb7 33. Rf1 Rc8
34. Rxf5 Rc2 35. Rf7 Bd8 36. e7 Bxe7 37. Rxe7 Rxb2 38. Nc5+ Kc8 39. Rxh7 1-0

[Event "III Calvia International Open"]
[Site "Calvia"]
[Date "2006.10.24"]
[Round "5.5"]
[White "Neelotpal, Das"]
[Black "Conquest, Stuart"]
[Result "0-1"]
[WhiteElo "2490"]
[BlackElo "2530"]
[PlyCount "86"]
[EventDate "2006.10.20"]

1. e4 c6 2. Nc3 d5 3. d4 dxe4 4. Nxe4 Nd7 5. Bc4 Ngf6 6. Ng5 e6 7. Qe2 Nb6 8.
Bb3 h6 9. N5f3 a5 10. a4 c5 11. Bf4 Bd7 12. dxc5 Bxc5 13. Ne5 Nbd5 14. Bd2 O-O
15. Ngf3 Qc7 16. O-O Rad8 17. Nxd7 Rxd7 18. Rad1 b6 19. g3 Rdd8 20. Bc1 Rfe8
21. Bc4 e5 22. Bb5 Re6 23. c3 Rc8 24. Nh4 e4 25. Ng2 Re7 26. Ne3 Nxe3 27. Bxe3
Bxe3 28. fxe3 Qe5 29. Rf4 Rf8 30. Qd2 Qg5 31. Rdf1 Nd5 32. R4f2 Nxe3 33. Re1
Ng4 34. Qxg5 hxg5 35. Rd2 Ne5 36. Be2 f5 37. Bd1 g4 38. Kf2 g5 39. Rd6 Kg7 40.
Bc2 Rh8 41. Kg2 Rxh2+ 42. Kxh2 Nf3+ 43. Kh1 Nxe1 0-1

[Event "III Calvia International Open"]
[Site "Calvia"]
[Date "2006.10.24"]
[Round "5.8"]
[White "Nijboer, Friso"]
[Black "Laylo, Darwin"]
[Result "1-0"]
[WhiteElo "2641"]
[BlackElo "2448"]
[PlyCount "117"]
[EventDate "2006.10.20"]

1. e4 d5 2. exd5 Nf6 3. d4 Bg4 4. Be2 Bxe2 5. Qxe2 Qxd5 6. Nf3 Nc6 7. c4 Qe4 8.
Be3 e6 9. O-O Be7 10. Nc3 Qf5 11. Rfd1 O-O 12. h3 Ne4 13. Nb5 Bd6 14. Nh4 Qf6
15. Qg4 a6 16. Nxd6 Nxd6 17. Bg5 h5 18. Qxh5 g6 19. Bxf6 gxh5 20. d5 Ne4 21.
Bc3 Nxc3 22. bxc3 Na5 23. dxe6 fxe6 24. Ng6 Rf6 25. Ne5 Rf5 26. Re1 Rd8 27. Re2
Rd6 28. Rae1 b6 29. Re3 Kh7 30. R1e2 Nc6 31. Nf3 Rc5 32. Nd2 e5 33. Kh2 Rd8 34.
Re4 Ra5 35. Nf3 Ra4 36. Rh4 Kg6 37. Nxe5+ Nxe5 38. Rxe5 Rxa2 39. f4 Rh8 40.
Rg5+ Kf6 41. Rhxh5 Rxh5 42. Rxh5 Ra4 43. c5 b5 44. Rh7 Rxf4 45. Rxc7 Ke5 46.
Ra7 Rf6 47. h4 Rc6 48. Kh3 Kf5 49. g4+ Kf4 50. g5 Rxc5 51. Rf7+ Ke4 52. Kg4
Rxc3 53. g6 Rc1 54. Kg5 Rg1+ 55. Kf6 Rf1+ 56. Ke7 Rg1 57. g7 b4 58. Kf8 a5 59.
g8=Q 1-0

[Event "III Calvia International Open"]
[Site "Calvia"]
[Date "2006.10.24"]
[Round "5.9"]
[White "Manik, Mikulas"]
[Black "Bartel, Mateusz"]
[Result "1/2-1/2"]
[WhiteElo "2454"]
[BlackElo "2569"]
[PlyCount "105"]
[EventDate "2006.10.20"]

1. e4 e5 2. Nf3 Nc6 3. Bb5 a6 4. Ba4 Nf6 5. O-O Be7 6. Re1 b5 7. Bb3 O-O 8. h3
Bb7 9. d3 d6 10. a3 Nb8 11. Nbd2 Nbd7 12. Nf1 h6 13. Ng3 Re8 14. Nh2 d5 15.
exd5 Nxd5 16. Nf5 Bg5 17. Qg4 Qf6 18. Bxd5 Bxd5 19. Nxh6+ Bxh6 20. Qxd7 Rad8
21. Qg4 Bxc1 22. Raxc1 Re6 23. Qg3 Rde8 24. Ng4 Qe7 25. Re2 Rg6 26. Rce1 f6 27.
f4 Qd8 28. Qh4 Be6 29. Qf2 Bxg4 30. hxg4 Rxg4 31. fxe5 fxe5 32. Rxe5 Rf8 33.
Qc5 Qf6 34. Qd5+ Kh7 35. Rh5+ Kg6 36. Re6 Qxe6 37. Qxe6+ Kxh5 38. Qe5+ Rg5 39.
Qxc7 Rf6 40. d4 Kg6 41. Qe7 Rgf5 42. Qe2 Kf7 43. b3 Re6 44. Qd2 Re4 45. a4 bxa4
46. bxa4 g5 47. c3 a5 48. Qd3 Rff4 49. Qb5 g4 50. Kh2 Re3 51. Qxa5 Kg6 52. Qd5
Rf7 53. Qd6+ 1/2-1/2

[Event "III Calvia International Open"]
[Site "Calvia"]
[Date "2006.10.24"]
[Round "5.11"]
[White "Hernandez, Holden"]
[Black "Spassov, Liuben"]
[Result "1-0"]
[WhiteElo "2524"]
[BlackElo "2365"]
[PlyCount "83"]
[EventDate "2006.10.20"]

1. Nf3 Nf6 2. c4 c5 3. Nc3 e6 4. g3 b6 5. Bg2 Bb7 6. O-O Be7 7. d4 cxd4 8. Qxd4
d6 9. b3 O-O 10. Rd1 Nbd7 11. e4 a6 12. Ba3 Nc5 13. e5 dxe5 14. Qxd8 Rfxd8 15.
Nxe5 Bxg2 16. Kxg2 Rdc8 17. f4 h6 18. Na4 Rab8 19. Kf3 Bf8 20. Bxc5 Bxc5 21.
Nxc5 Rxc5 22. Rd6 Rc7 23. Rad1 g5 24. Rd8+ Rxd8 25. Rxd8+ Kg7 26. Ra8 a5 27.
Ke3 Nd7 28. Nxd7 gxf4+ 29. gxf4 Rxd7 30. Ra6 Rb7 31. c5 bxc5 32. Rxa5 Rc7 33.
Kd3 f5 34. Kc4 Rd7 35. Rxc5 Rd2 36. a4 Rxh2 37. a5 h5 38. b4 h4 39. a6 Ra2 40.
Ra5 Rc2+ 41. Kb3 Rc8 42. a7 1-0

[Event "III Calvia International Open"]
[Site "Calvia"]
[Date "2006.10.24"]
[Round "5.12"]
[White "Rendle, Thomas"]
[Black "Godena, Michele"]
[Result "1/2-1/2"]
[WhiteElo "2382"]
[BlackElo "2522"]
[PlyCount "52"]
[EventDate "2006.10.20"]

1. f4 d5 2. Nf3 Bg4 3. e3 Nd7 4. h3 Bxf3 5. Qxf3 e6 6. d3 c6 7. Be2 g6 8. e4
Bg7 9. c3 Qb6 10. Qf2 dxe4 11. dxe4 e5 12. Na3 Qxf2+ 13. Kxf2 Ngf6 14. Bf3 Nc5
15. fxe5 Nfxe4+ 16. Bxe4 Nxe4+ 17. Kf3 Nc5 18. Nc4 O-O 19. Be3 Ne6 20. Rad1 f6
21. Rd7 fxe5+ 22. Ke4 Rf4+ 23. Kd3 Rf7 24. Rxf7 Kxf7 25. Rf1+ Ke7 26. Ke4 Rd8
1/2-1/2

[Event "III Calvia International Open"]
[Site "Calvia"]
[Date "2006.10.24"]
[Round "5.13"]
[White "Das, Arghyadip"]
[Black "Libiszewski, Fabien"]
[Result "1/2-1/2"]
[WhiteElo "2373"]
[BlackElo "2469"]
[PlyCount "62"]
[EventDate "2006.10.20"]

1. e4 e6 2. d4 d5 3. Nc3 Nf6 4. Bg5 dxe4 5. Nxe4 Be7 6. Bxf6 gxf6 7. Nf3 f5 8.
Nc3 a6 9. Ne5 Bf6 10. f4 Nc6 11. Qh5 Bxe5 12. dxe5 Qd4 13. g3 Bd7 14. Bd3 Qe3+
15. Qe2 Qxe2+ 16. Kxe2 Nb4 17. Rhd1 Rd8 18. a3 Nxd3 19. Rxd3 Bc6 20. Rad1 Rxd3
21. Rxd3 h5 22. h4 Ke7 23. Kf2 Rb8 24. Rd2 b5 25. Ne2 Be4 26. Nd4 Rd8 27. c3
Bd5 28. Nf3 Bxf3 29. Rxd8 Kxd8 30. Kxf3 c5 31. b3 Kc7 1/2-1/2

[Event "III Calvia International Open"]
[Site "Calvia"]
[Date "2006.10.24"]
[Round "5.14"]
[White "Fokin, Sergey"]
[Black "Hamdouchi, Hichem"]
[Result "0-1"]
[WhiteElo "2157"]
[BlackElo "2582"]
[PlyCount "82"]
[EventDate "2006.10.20"]

1. d4 d5 2. c4 c6 3. Nf3 Nf6 4. e3 a6 5. Nc3 Bf5 6. Be2 e6 7. Ne5 Nfd7 8. Nxd7
Nxd7 9. Bd3 dxc4 10. Bxc4 c5 11. O-O Bg6 12. dxc5 Nxc5 13. Qxd8+ Rxd8 14. Rd1
Rc8 15. Bf1 b5 16. b4 Ne4 17. Nxe4 Bxe4 18. Bd2 Bc2 19. Rdc1 Kd7 20. a3 Be7 21.
Ra2 Bb3 22. Rb2 Ba4 23. Bc3 e5 24. Rd2+ Ke6 25. Bb2 Rxc1 26. Bxc1 Rc8 27. Bb2
g5 28. Bd3 f5 29. e4 f4 30. Be2 Rc6 31. Bg4+ Kf6 32. h3 h6 33. Rd7 Bf8 34. Bh5
Bb3 35. Ra7 Be6 36. Bg4 Bxg4 37. hxg4 Bd6 38. Rh7 Rc2 39. Rxh6+ Ke7 40. Bxe5
Bxe5 41. Rxa6 Rc1+ 0-1

[Event "III Calvia International Open"]
[Site "Calvia"]
[Date "2006.10.24"]
[Round "5.15"]
[White "Ghaem Maghami, Ehsan"]
[Black "Leskovar, Mario"]
[Result "1-0"]
[WhiteElo "2580"]
[BlackElo "2373"]
[PlyCount "51"]
[EventDate "2006.10.20"]

1. d4 g6 2. e4 Bg7 3. Nf3 d6 4. Be2 Nf6 5. Nc3 O-O 6. O-O b6 7. e5 Ne8 8. Bg5
Bb7 9. Re1 Nc6 10. Bb5 f6 11. Qe2 Kh8 12. Bxc6 Bxc6 13. d5 fxg5 14. dxc6 Rxf3
15. Qxf3 dxe5 16. Ne4 h6 17. Qh3 Qc8 18. Nxg5 Qxh3 19. Nxh3 Nd6 20. c3 a5 21.
a4 Rf8 22. Rad1 e4 23. f3 exf3 24. Rxe7 Nf5 25. Rxc7 fxg2 26. Nf4 1-0

[Event "III Calvia International Open"]
[Site "Calvia"]
[Date "2006.10.24"]
[Round "5.16"]
[White "Heberla, Bartlomiej"]
[Black "Jones, Gawain C"]
[Result "1/2-1/2"]
[WhiteElo "2569"]
[BlackElo "2430"]
[PlyCount "50"]
[EventDate "2006.10.20"]

1. e4 c5 2. Nc3 Nc6 3. f4 g6 4. Nf3 Bg7 5. Bb5 Nd4 6. O-O Nxb5 7. Nxb5 d5 8. e5
Bg4 9. d4 c4 10. h3 Bxf3 11. Qxf3 a6 12. Nc3 e6 13. g4 Ne7 14. Be3 h5 15. Bf2
Qd7 16. Nd1 O-O-O 17. Ne3 hxg4 18. hxg4 f5 19. exf6 Bxf6 20. c3 Bh4 21. Kg2
Bxf2 22. Qxf2 Rh7 23. Rh1 Rf7 24. Raf1 Rdf8 25. g5 Qc7 1/2-1/2

[Event "III Calvia International Open"]
[Site "Calvia"]
[Date "2006.10.24"]
[Round "5.18"]
[White "Sulskis, Sarunas"]
[Black "Zawadzka, Jolanta"]
[Result "1/2-1/2"]
[WhiteElo "2518"]
[BlackElo "2353"]
[PlyCount "95"]
[EventDate "2006.10.20"]

1. e4 e5 2. Nf3 Nc6 3. Bc4 Bc5 4. b4 Bxb4 5. c3 Ba5 6. d4 d6 7. Qb3 Qd7 8. dxe5
Bb6 9. Nbd2 Na5 10. Qb4 Nxc4 11. Nxc4 Bc5 12. Qb3 Ne7 13. O-O O-O 14. Ba3 b5
15. Ne3 Bxa3 16. Qxa3 Bb7 17. Rfd1 Bxe4 18. exd6 Ng6 19. Nd2 Bb7 20. Nb3 cxd6
21. Nc5 Qc6 22. Nxb7 Qxb7 23. Rxd6 Rac8 24. Rad1 Nf4 25. Kf1 Ne6 26. Qb4 Qb8
27. h4 h6 28. Qg4 Qc7 29. c4 b4 30. Kg1 Kh8 31. Rd7 Qa5 32. R1d6 Rfd8 33. Rxd8+
Rxd8 34. Rxd8+ Qxd8 35. Qf3 Kg8 36. Qb7 a5 37. g3 g5 38. h5 Qf6 39. Qa8+ Nf8
40. Kg2 Qe5 41. g4 Qc5 42. Qe8 Qd4 43. Kf3 Qf4+ 44. Ke2 Qd4 45. Kf3 Qf4+ 46.
Kg2 Qd4 47. Qc6 Ne6 48. Qe8+ 1/2-1/2

[Event "III Calvia International Open"]
[Site "Calvia"]
[Date "2006.10.24"]
[Round "5.19"]
[White "Zawadzki, Stanislaw"]
[Black "Gajewski, Grzegorz"]
[Result "1/2-1/2"]
[WhiteElo "2422"]
[BlackElo "2515"]
[PlyCount "119"]
[EventDate "2006.10.20"]

1. d4 Nf6 2. Nf3 e6 3. c4 c5 4. d5 b5 5. Bg5 exd5 6. cxd5 d6 7. e4 a6 8. Qc2
Be7 9. Bf4 Nh5 10. Bg3 O-O 11. a4 f5 12. axb5 fxe4 13. Qxe4 Bf6 14. Nc3 axb5
15. Rxa8 Bf5 16. Qxf5 Bxc3+ 17. bxc3 Rxf5 18. Bxb5 Nf4 19. Bxf4 Rxf4 20. O-O
Rf8 21. Rfa1 Qf6 22. c4 g5 23. h3 h5 24. R1a2 Qc3 25. Nh2 Qc1+ 26. Nf1 Qb1 27.
R8a7 Qe1 28. R7a3 Qe5 29. Re3 Qf5 30. Rae2 Nd7 31. Ng3 Qb1+ 32. Re1 Qh7 33. Ne4
Ne5 34. Nxd6 Nd3 35. Re7 Qh8 36. R1e6 Nf4 37. Bd7 Qb2 38. Re4 Ng6 39. Be6+ Kh8
40. Rf7 Rxf7 41. Nxf7+ Kg7 42. Re1 Qd2 43. Re3 Nf4 44. Nxg5 Ne2+ 45. Kh2 Qe1
46. Nf3 Qxf2 47. Ra3 Ng3 48. d6 Nf1+ 49. Kh1 Ng3+ 50. Kh2 h4 51. d7 Nf1+ 52.
Kh1 Ng3+ 53. Kh2 Qf1 54. Nxh4 Qd1 55. Bd5 Ne2 56. Nf3 Qc1 57. d8=Q Qf4+ 58. Kh1
Qc1+ 59. Kh2 Qf4+ 60. Kh1 1/2-1/2

[Event "III Calvia International Open"]
[Site "Calvia"]
[Date "2006.10.24"]
[Round "5.20"]
[White "Dimakiling, Oliver"]
[Black "Mareco, Sandro"]
[Result "1-0"]
[WhiteElo "2476"]
[BlackElo "2335"]
[PlyCount "53"]
[EventDate "2006.10.20"]

1. d4 Nf6 2. Nf3 e6 3. c4 b6 4. a3 Bb7 5. Nc3 d5 6. Bg5 Be7 7. e3 h6 8. Bxf6
Bxf6 9. cxd5 exd5 10. Qa4+ c6 11. g3 O-O 12. Bg2 Re8 13. O-O Na6 14. Rfe1 c5
15. Rad1 Qc8 16. Ne5 Nc7 17. Nd7 Be7 18. dxc5 b5 19. Qg4 Rd8 20. Nxd5 Nxd5 21.
Bxd5 Rxd7 22. Bxf7+ Kxf7 23. Rxd7 Qc6 24. e4 Rf8 25. Red1 g6 26. R1d6 Qxe4 27.
Rxe7+ 1-0

[Event "III Calvia International Open"]
[Site "Calvia"]
[Date "2006.10.24"]
[Round "5.22"]
[White "Borges Mateos, Juan"]
[Black "Rodriguez Lopez, Rafael"]
[Result "1/2-1/2"]
[WhiteElo "2431"]
[BlackElo "2289"]
[PlyCount "71"]
[EventDate "2006.10.20"]

1. d4 Nf6 2. g3 g6 3. c4 Bg7 4. Bg2 d5 5. Nf3 O-O 6. O-O dxc4 7. Na3 c3 8. bxc3
c5 9. Bb2 Nc6 10. e3 Bf5 11. c4 Qb6 12. Qe2 Nb4 13. Ne5 cxd4 14. Bxd4 Qa5 15.
Nb5 a6 16. Nc3 Nc2 17. Rac1 Nxd4 18. exd4 Rad8 19. Rfd1 Nd7 20. Nd5 Rfe8 21. f4
Nxe5 22. fxe5 Bh6 23. Nf4 Rd7 24. c5 Rc8 25. Qb2 Qb5 26. Qc3 Qa4 27. a3 Rcd8
28. Qb4 Qxb4 29. axb4 Bxf4 30. gxf4 Rxd4 31. Rxd4 Rxd4 32. Bxb7 Rxb4 33. Bxa6
Rxf4 34. c6 Ra4 35. Bb7 Ra5 36. c7 1/2-1/2

[Event "III Calvia International Open"]
[Site "Calvia"]
[Date "2006.10.24"]
[Round "5.23"]
[White "Lanzani, Mario"]
[Black "So, Wesley"]
[Result "1/2-1/2"]
[WhiteElo "2335"]
[BlackElo "2411"]
[PlyCount "37"]
[EventDate "2006.10.20"]

1. e4 c5 2. Nf3 Nc6 3. Bb5 g6 4. O-O Bg7 5. c3 Nf6 6. Re1 O-O 7. h3 e5 8. d4
cxd4 9. cxd4 exd4 10. e5 Nd5 11. Bg5 Qc7 12. Qb3 Nb6 13. Bf4 Na5 14. Qd1 a6 15.
Bf1 f6 16. exf6 Qxf4 17. fxg7 Kxg7 18. Qxd4+ Qxd4 19. Nxd4 1/2-1/2

[Event "III Calvia International Open"]
[Site "Calvia"]
[Date "2006.10.24"]
[Round "5.24"]
[White "Fogel, Pierre"]
[Black "Wehmeier, Stefan"]
[Result "0-1"]
[WhiteElo "2202"]
[BlackElo "2400"]
[PlyCount "90"]
[EventDate "2006.10.20"]

1. d4 Nf6 2. c4 e6 3. Nc3 Bb4 4. g3 c5 5. Nf3 Ne4 6. Qd3 cxd4 7. Qxd4 Qf6 8.
Qxf6 gxf6 9. Bd2 Bxc3 10. bxc3 Na6 11. Bg2 Nac5 12. Nd4 b6 13. Nb5 Ke7 14. Bf4
Bb7 15. f3 e5 16. fxe4 exf4 17. Nc7 Rac8 18. Nd5+ Bxd5 19. cxd5 fxg3 20. hxg3
Na4 21. Kf2 Rxc3 22. Rh4 Nc5 23. Bf3 Ra3 24. Rd1 d6 25. Rd2 b5 26. Rf4 a5 27.
Bh5 Rf8 28. Bg4 b4 29. Bf5 Na4 30. Rf3 Nc3 31. Rc2 h5 32. Rd3 Rb8 33. Ke1 a4
34. Kf2 Rb7 35. Bc8 Rc7 36. Bf5 Nd1+ 37. Rxd1 Rxc2 38. e5 Rcxa2 39. e6 Rc3 40.
Rd4 Rb2 41. Rh4 Rc5 42. Rxh5 Rxd5 43. g4 Re5 44. Rh7 Rexe2+ 45. Kf3 Rxe6 0-1

[Event "III Calvia International Open"]
[Site "Calvia"]
[Date "2006.10.24"]
[Round "5.25"]
[White "Aaberg, Anton"]
[Black "Uribe Arteaga, Daniel"]
[Result "1-0"]
[WhiteElo "2393"]
[BlackElo "2202"]
[PlyCount "105"]
[EventDate "2006.10.20"]

1. d4 Nf6 2. c4 e6 3. g3 d5 4. Nf3 Bb4+ 5. Bd2 Be7 6. Bg2 c6 7. Qb3 O-O 8. O-O
b6 9. Nc3 Bb7 10. Rfd1 Nbd7 11. Be1 c5 12. cxd5 exd5 13. dxc5 Nxc5 14. Qc2 Rc8
15. Rac1 Nce4 16. Qb1 Bc5 17. Nb5 a6 18. Nbd4 b5 19. Bh3 Ra8 20. Nb3 Bb6 21.
Nfd4 Re8 22. Rc2 Nd6 23. Bb4 Nc4 24. Bc5 Bxc5 25. Nxc5 Qb6 26. Nxb7 Qxb7 27.
Qc1 Qe7 28. b3 Nd6 29. Qf4 Qe5 30. Qxe5 Rxe5 31. Rc6 Nde4 32. Rdc1 Ng5 33. Bc8
Re8 34. f3 h5 35. h4 Ngh7 36. Bxa6 b4 37. R1c2 Nf8 38. Bd3 N8d7 39. Rc7 Ne5 40.
Bb5 Reb8 41. Kf2 g6 42. Re7 Ned7 43. Rc7 Kf8 44. Rcxd7 Nxd7 45. Rxd7 Rxa2 46.
Rxd5 Rc8 47. Rd7 Rca8 48. Nc6 Kg7 49. Bc4 Rf8 50. Nd8 Kf6 51. Nxf7 Rc2 52. Ng5
Rb8 53. f4 1-0

[Event "III Calvia International Open"]
[Site "Calvia"]
[Date "2006.10.24"]
[Round "5.26"]
[White "Planas Gene, Juan"]
[Black "Ziska, Helgi Dam"]
[Result "0-1"]
[WhiteElo "2191"]
[BlackElo "2364"]
[PlyCount "148"]
[EventDate "2006.10.20"]

1. d4 f5 2. Nf3 Nf6 3. g3 g6 4. Bg2 Bg7 5. O-O O-O 6. c4 d6 7. Nc3 Qe8 8. b3
Na6 9. Bb2 e5 10. dxe5 dxe5 11. e4 f4 12. Qe2 c6 13. Rad1 h6 14. Na4 Nd7 15.
Rd6 Rf6 16. Rd2 Rf7 17. Rfd1 Kh7 18. Bh3 Nf8 19. Rd8 Bxh3 20. Rxe8 Rxe8 21. Rd6
fxg3 22. hxg3 Nd7 23. Nh4 Bf6 24. Kh2 Bxh4 25. Kxh3 Bg5 26. Bc3 Nf8 27. b4 Be7
28. Rd1 Bxb4 29. Bxb4 Nxb4 30. a3 Na6 31. Rd6 Ne6 32. Qe3 Ng5+ 33. Kg2 Ref8 34.
Rd2 b6 35. c5 b5 36. f4 exf4 37. gxf4 Rxf4 38. Rd7+ R4f7 39. Rxf7+ Rxf7 40. Nc3
Ne6 41. Ne2 Naxc5 42. Nd4 Nf4+ 43. Kh2 Ncd3 44. Nxc6 Nb2 45. e5 Ne6 46. Qb3 Nc4
47. Qxb5 Nd2 48. Qd5 Nf3+ 49. Kh1 Nfg5 50. Nd4 Rf1+ 51. Kh2 Nxd4 52. Kg2 Rf4
53. Qd7+ Kg8 54. Qd8+ Kg7 55. Qd7+ Nf7 56. e6 Nxe6 57. Qxe6 Rf6 58. Qe3 a6 59.
Qd4 h5 60. a4 g5 61. a5 h4 62. Kh3 Kg6 63. Qe4+ Kh6 64. Qd4 Rf4 65. Qb6+ Kh5
66. Qxa6 g4+ 67. Kg2 h3+ 68. Kg1 g3 69. Qe2+ Kh4 70. Qe1 Ng5 71. Kh1 Ne4 72.
Kg1 h2+ 73. Kg2 Rf2+ 74. Kh1 Kh3 0-1

[Event "III Calvia International Open"]
[Site "Calvia"]
[Date "2006.10.24"]
[Round "5.27"]
[White "Kutuzov, Denis"]
[Black "Janse, Paul"]
[Result "1/2-1/2"]
[WhiteElo "2315"]
[BlackElo "2189"]
[PlyCount "85"]
[EventDate "2006.10.20"]

1. b4 e5 2. a3 d6 3. Bb2 g6 4. e3 Bg7 5. c4 f5 6. Nf3 Nf6 7. d4 e4 8. Nfd2 Qe7
9. Nc3 O-O 10. g3 c6 11. Be2 Na6 12. b5 Nc7 13. bxc6 bxc6 14. a4 a5 15. Ba3 Bd7
16. Rb1 Na6 17. Nb3 Nb4 18. c5 d5 19. Nxa5 Nd3+ 20. Bxd3 exd3 21. Nb7 Ne4 22.
Qxd3 Nxc3 23. Qxc3 f4 24. Nd6 fxe3 25. Qxe3 Qf6 26. O-O Bh3 27. Rfd1 Bh6 28.
Qe1 Rxa4 29. Bc1 Bxc1 30. Rbxc1 Rxd4 31. Qe2 Rxd1+ 32. Rxd1 Qf3 33. Qxf3 Rxf3
34. Re1 Rc3 35. f4 Rxc5 36. Re8+ Kg7 37. Re7+ Kg8 38. Re8+ Kg7 39. Re7+ Kf6 40.
Rxh7 Bf5 41. Ne8+ Ke6 42. Nc7+ Kd6 43. Ne8+ 1/2-1/2

[Event "III Calvia International Open"]
[Site "Calvia"]
[Date "2006.10.24"]
[Round "5.28"]
[White "Hoenick, Andreas"]
[Black "Rivera, Daniel"]
[Result "0-1"]
[WhiteElo "2177"]
[BlackElo "2309"]
[PlyCount "56"]
[EventDate "2006.10.20"]

1. d4 e6 2. c4 f5 3. Nf3 Nf6 4. e3 b6 5. Bd3 Bb7 6. O-O Be7 7. b3 O-O 8. Bb2
Ne4 9. Nc3 Qe8 10. Nd2 Qg6 11. f3 Nxc3 12. Bxc3 c5 13. Qe2 cxd4 14. exd4 Nc6
15. f4 Bd6 16. Qf2 Bxf4 17. Qxf4 Nb4 18. d5 Nxd3 19. Qd4 Nc5 20. Rf3 d6 21.
Raf1 e5 22. Qf2 f4 23. Kh1 Bc8 24. b4 Ne4 25. Qe2 Bf5 26. Re1 Nxd2 27. Qxd2
Rac8 28. Qe2 Bg4 0-1

[Event "III Calvia International Open"]
[Site "Calvia"]
[Date "2006.10.24"]
[Round "5.30"]
[White "Guennoun, Anthony"]
[Black "Habibi, Ali"]
[Result "1/2-1/2"]
[WhiteElo "2122"]
[BlackElo "2298"]
[PlyCount "128"]
[EventDate "2006.10.20"]

1. e4 c5 2. Nf3 g6 3. d4 cxd4 4. Qxd4 Nf6 5. Nc3 Bg7 6. e5 Nc6 7. Qa4 Ng8 8.
Bf4 Nh6 9. O-O-O O-O 10. Bc4 Qa5 11. Qxa5 Nxa5 12. Bb5 Ng4 13. Bg3 Nc6 14. Nd5
e6 15. Bxc6 dxc6 16. Ne7+ Kh8 17. Nxc8 Raxc8 18. Rd7 Rb8 19. Rhd1 Kg8 20. c3
Rfc8 21. h3 Nh6 22. Bh4 Nf5 23. Bf6 Bf8 24. g4 Nh6 25. Ng5 b6 26. Be7 a5 27.
Bxf8 Rxf8 28. Ne4 a4 29. Nf6+ Kg7 30. R1d6 c5 31. Rxe6 Ng8 32. Nxg8 Kxg8 33.
Ree7 Rbe8 34. Rxe8 Rxe8 35. Rd5 Rc8 36. Kd2 h6 37. Ke3 Kf8 38. Rd7 Ke8 39. Rb7
Rd8 40. Rxb6 c4 41. f3 Rd3+ 42. Ke4 a3 43. bxa3 Rxc3 44. Rb2 Rxa3 45. Rc2 Ke7
46. Rxc4 Rxa2 47. Rc7+ Ke6 48. Rc6+ Ke7 49. f4 Ra3 50. Rc7+ Ke8 51. e6 f6 52.
Rf7 Ra4+ 53. Kf3 Ra3+ 54. Kg2 Ra2+ 55. Kg3 Ra3+ 56. Kf2 Ra2+ 57. Ke3 Ra3+ 58.
Ke4 Ra4+ 59. Kd5 Rxf4 60. Rh7 Rf1 61. Rxh6 Rd1+ 62. Ke4 Re1+ 63. Kf4 Rf1+ 64.
Ke4 Re1+ 1/2-1/2

[Event "III Calvia International Open"]
[Site "Calvia"]
[Date "2006.10.24"]
[Round "5.31"]
[White "Gonzalez Arribas, Vidal Alejand"]
[Black "Torres Tur, Juan"]
[Result "1-0"]
[WhiteElo "2297"]
[BlackElo "2154"]
[PlyCount "65"]
[EventDate "2006.10.20"]

1. c4 f5 2. g3 Nf6 3. Bg2 g6 4. Nc3 Bg7 5. d3 d6 6. e4 Nc6 7. Nge2 e5 8. O-O
O-O 9. Nd5 fxe4 10. dxe4 Be6 11. Bg5 Qd7 12. Qd2 Rac8 13. f4 exf4 14. Nexf4
Bxd5 15. cxd5 Ne5 16. Ne6 Rf7 17. Nxg7 Kxg7 18. Bxf6+ Rxf6 19. Rxf6 Kxf6 20.
Qh6 Nf7 21. Rf1+ Ke7 22. Rxf7+ Kxf7 23. Qxh7+ Ke8 24. Qxd7+ Kxd7 25. Bh3+ Kd8
26. Bxc8 Kxc8 27. Kf2 Kd7 28. Kf3 c5 29. dxc6+ bxc6 30. Kf4 Ke6 31. h4 a5 32.
a4 c5 33. Kg5 1-0

[Event "III Calvia International Open"]
[Site "Calvia"]
[Date "2006.10.24"]
[Round "5.32"]
[White "Galiana, Juan Ramon"]
[Black "Linik, Yaron"]
[Result "1/2-1/2"]
[WhiteElo "2291"]
[BlackElo "2150"]
[PlyCount "88"]
[EventDate "2006.10.20"]

1. e4 e6 2. d4 d5 3. Nd2 Nf6 4. e5 Nfd7 5. Bd3 c5 6. c3 Nc6 7. Ne2 cxd4 8. cxd4
f6 9. exf6 Nxf6 10. Nf3 Bd6 11. O-O O-O 12. Bg5 Qe8 13. Bf4 Bxf4 14. Nxf4 Ne4
15. Qc1 Qf7 16. Ne2 Qh5 17. Qe3 Rxf3 18. Qxf3 Qxf3 19. gxf3 Nd2 20. Rfd1 Nxf3+
21. Kg2 Nfxd4 22. Nxd4 Nxd4 23. Bxh7+ Kxh7 24. Rxd4 Bd7 25. Re1 Rc8 26. Re2 Kg6
27. Rb4 b5 28. Rg4+ Kf6 29. Rf4+ Ke7 30. Rd4 a5 31. f4 Kd6 32. Kf2 Rh8 33. Ke1
Rh5 34. Rd3 g5 35. fxg5 Rxg5 36. Rg3 Rh5 37. Rf2 e5 38. Rg6+ Kc5 39. Rc2+ Kd4
40. Rd6 Bf5 41. Rd2+ Bd3 42. Rxd3+ Kxd3 43. Rxd5+ Kc4 44. Rd2 e4 1/2-1/2

[Event "III Calvia International Open"]
[Site "Calvia"]
[Date "2006.10.24"]
[Round "5.34"]
[White "Moreno Garcia, Alfonso"]
[Black "Tattersall, Lester"]
[Result "0-1"]
[WhiteElo "1988"]
[BlackElo "2254"]
[PlyCount "64"]
[EventDate "2006.10.20"]

1. c4 g6 2. d4 Bg7 3. Nf3 d6 4. Nc3 Nf6 5. g3 O-O 6. Bg2 Nbd7 7. e4 e5 8. dxe5
dxe5 9. O-O c6 10. Qc2 Re8 11. h3 Nc5 12. Rd1 Qe7 13. Be3 a5 14. b3 Nh5 15.
Rac1 f5 16. exf5 gxf5 17. Bg5 Qf7 18. Rd8 Rxd8 19. Bxd8 e4 20. Ne1 f4 21. Bh4
f3 22. Bf1 e3 23. Bd3 Bd4 24. Nd1 e2 25. Nc3 Bxh3 26. Ne4 Rf8 27. Ng5 Qd7 28.
Bxh7+ Kh8 29. Ngxf3 Bxf2+ 30. Kh2 Bf1 31. Ng5 Be3 32. Qc3+ Bd4 0-1

[Event "III Calvia International Open"]
[Site "Calvia"]
[Date "2006.10.24"]
[Round "5.35"]
[White "Ehsan, Ali"]
[Black "Ruiz Vinals, Matias"]
[Result "0-1"]
[WhiteElo "2236"]
[BlackElo "2030"]
[PlyCount "78"]
[EventDate "2006.10.20"]

1. e4 c5 2. Nf3 e6 3. d4 cxd4 4. Nxd4 Nf6 5. Nc3 Nc6 6. Ndb5 Bb4 7. a3 Bxc3+ 8.
Nxc3 d5 9. Bd3 O-O 10. O-O h6 11. Re1 d4 12. Ne2 e5 13. Ng3 Nd7 14. f4 exf4 15.
Bxf4 Nde5 16. b4 Bg4 17. Qd2 Re8 18. Rf1 Nxd3 19. cxd3 g5 20. h3 Be6 21. Nh5
gxf4 22. Rxf4 Qg5 23. Nf6+ Kh8 24. Raf1 Ne5 25. Nxe8 Rxe8 26. b5 Rg8 27. Qf2
Qg3 28. Qd2 Bxh3 29. R1f2 Qe3 30. Kh1 Qxd2 31. Rxd2 Be6 32. Rc2 Rg3 33. Rc7
Rxd3 34. Rxb7 Rxa3 35. Rf1 Kg7 36. Kg1 Nc4 37. Rc7 d3 38. Kf2 Ra2+ 39. Kf3 Nd2+
0-1